Catálogo
 En Linea

Banco de Datos Filológicos Semíticos Noroccidentales. / (Registro nro. 40743)

Detalles MARC
000 -CABECERA
campo de control de longitud fija 00737nam a2200193 a 4500
001 - NÚMERO DE CONTROL
campo de control 000041253
005 - FECHA Y HORA DE LA ÚLTIMA TRANSACCIÓN
campo de control 20201002034728.0
008 - DATOS DE LONGITUD FIJA--INFORMACIÓN GENERAL
campo de control de longitud fija 130927s1993 sp 000 0 spa d
020 ## - NÚMERO INTERNACIONAL ESTÁNDAR DEL LIBRO
Número Internacional Estándar del Libro 8400047907
040 ## - FUENTE DE LA CATALOGACIÓN
Centro catalogador/agencia de origen DO-SdBNP
Lengua de catalogación spa
Centro/agencia transcriptor BNPHU
082 ## - NÚMERO DE LA CLASIFICACIÓN DECIMAL DEWEY
Número de clasificación xxx
Número de documento/Ítem xxx
100 1# - ENTRADA PRINCIPAL--NOMBRE DE PERSONA
Nombre de persona Cunchillos, Jesús-Luis
9 (RLIN) 15333
245 10 - MENCIÓN DE TÍTULO
Título Banco de Datos Filológicos Semíticos Noroccidentales. /
Mención de responsabilidad, etc. Jesús-Luis Cunchillos, Juan-Pablo Vita.
260 ## - PUBLICACIÓN, DISTRIBUCIÓN, ETC.
Lugar de publicación, distribución, etc. Madrid, :
Nombre del editor, distribuidor, etc. Consejo Superior de Investigaciones Científicas
-- Instituto de Filología
-- Departamento de Filología Bíblica y de Oriente Antiguo,
Fecha de publicación, distribución, etc. 1993.
300 ## - DESCRIPCIÓN FÍSICA
Extensión v. ;
Dimensiones 25 cm.
505 0# - NOTA DE CONTENIDO CON FORMATO
Información miscelánea v. 1
Título Textos ugaríticos
500 ## - NOTA GENERAL
Nota general La biblioteca posee el volumen 1
700 1# - PUNTO DE ACCESO ADICIONAL--NOMBRE DE PERSONA
Nombre de persona Vita, Juan-Pablo
9 (RLIN) 67852
Existencias
Estado de retiro Estado de pérdida Restricciones de uso No para préstamo Código de colección Localización permanente Ubicación/localización actual Ubicación en estantería Fecha de adquisición Número de inventario Total de préstamos Signatura topográfica completa Código de barras Fecha visto por última vez Precio válido a partir de Tipo de ítem Koha
      Excluido de préstamo Monografías: Libros y Folletos General General En catalogación 27.09.2013 LF1   v. 1 41253-10 25.06.2020 25.06.2020 No se presta

Con tecnología Koha